Aktualizácia k zákonom II/2002 obchodný zákonník

Na minha lista:
Detalhes bibliográficos
Formato: Livro
Idioma:eslovaco
Publicado em: Žilina PORADCA 2002
Colecção:Aktualizácia II/7
Tags: Adicionar Tag
Sem tags, seja o primeiro a adicionar uma tag!

MARC

LEADER 00000nam a2200000 4500
001 c139983
005 20250619115355.1
022 |a 1335-6127 
041 0 |a slo 
044 |a SK 
245 1 0 |a Aktualizácia k zákonom II/2002  |b obchodný zákonník 
264 1 |a Žilina  |b PORADCA  |c 2002 
300 |a 208 s. 
490 1 |a Aktualizácia  |v II/7 
830 0 |a Aktualizácia  |v II/7